000 00409pab a2200121 454500
008 180718b xxu||||| |||| 00| 0 eng d
100 _aMishra Aswini Kumar
245 _aSocial impact of handloom cooperatives on weavers in Western Orissa: on empirical study
362 _a13(2), Apr-Jun 1994, p.259-67
650 _aHandloom Industry -- India -- Orissa
773 _aJournal of Rural Development
909 _a27339
999 _c27339
_d27339